LIBRARY & INFORMATION CENTRE, KCAET, TAVANUR

ONLINE PUBLIC ACCESS CATALOGUE (OPAC)

VALORISATION OF COCONUT SPROUT (Record no. 19635)

MARC details
000 -LEADER
fixed length control field 00628nam a22002057a 4500
003 - CONTROL NUMBER IDENTIFIER
control field OSt
082 ## - DEWEY DECIMAL CLASSIFICATION NUMBER
Classification number 664
Item number ANJ/VA
088 ## - REPORT NUMBER
Report number P 662
100 ## - MAIN ENTRY--AUTHOR NAME
Personal name ANJANA K
100 ## - MAIN ENTRY--AUTHOR NAME
Personal name APARNA M P
100 ## - MAIN ENTRY--AUTHOR NAME
Personal name ANEESHA CELIN K S
100 ## - MAIN ENTRY--AUTHOR NAME
Personal name JUSWIN SAJI
100 ## - MAIN ENTRY--AUTHOR NAME
Personal name ARYA T P
245 ## - TITLE STATEMENT
Title VALORISATION OF COCONUT SPROUT
260 ## - PUBLICATION, DISTRIBUTION, ETC. (IMPRINT)
Place of publication Tavanur
Name of publisher DEPARTMENT OF PROCESSING AND FOOD ENGINEERING, KELAPPAJI COLLEGE OF AGRICULTURAL ENGNEERING AND FOOD TECHNOLOGY,
Year of publication 2025
700 ## - ADDED ENTRY--PERSONAL NAME
Personal name PRINCE M V
856 ## - ELECTRONIC LOCATION AND ACCESS
Uniform Resource Identifier http://14.139.181.140:8080/jspui/handle/123456789/2205
942 ## - ADDED ENTRY ELEMENTS (KOHA)
Koha item type Project Report
Holdings
Collection code Home library Current library Full call number Accession Number Koha item type
Reference KAUAET KAUAET 664 ANJ/VA P 662 Project Report
free website counter